000 00361 a2200169 4500
001 156645
020 _a9788508146598
040 _cEscola São Tomás de Aquino
100 _aCHARLIER, Anna Maria
240 1 0 _aProjeto ápis
_lpor
245 1 0 _aProjeto ápis
300 _a80
362 0 _a2011
440 1 _aÁtica
697 _aHISTÓRIA
942 _cBK
999 _c156645
_d156645